000 00540ntaaa2200193 4500
003 01
005 20251027201346.0
008 0714s1973 ag 01
040 _aAR-BaBN
_bspa
_cAR-BaBN
_eaacr
_dRIC
082 _a225.0000 C17
100 _aCaputo, P. Carmelo
_911986
245 _aEvangelios de la familias
250 _a1 ed. :
_bEdiciones Paulinas,
_c1958
300 _a403 p.
500 _aLa vida de Cristo escrita por los cuatro evangelios. (Católica)
650 _aBiblia-Nuevo Testamento
650 _aVida de Cristo
942 _cBK
999 _c8111
_d8111